书目信息 |
| 书名: | how to transform your life through astrology | |
| 作者: | by ROBIN MAC NAUGHTON. | |
| 分册号: | ||
| 分册名: | 出版地: | TORONTO : |
|
| 出版社: | BANTAM BOOKS | |
| 出版时间: | 1983. | |
| 页数: | 202 p. ; | |
| 开本: | 18cm. | |
| 丛书名: | ||
| 中图分类号: | ||
| 科图分类号: | ||
| 其他分类号: | B99 | |
| 主题词: | ||
| 电子资源: | ||
| 000 | 00488nam 2200157 a 4500 | |
| 001 | E0760737732 | |
| 005 | 20070725165733.42 | |
| 008 | 070725s1983 00010 eng | |
| 020 | @a0-553-23203-7. | |
| 040 | @aPFT@beng | |
| 090 | @aB99 | |
| 099 | @dB99@ex79 | |
| 245 | 1 | @ahow to transform your life through astrology :@ban essential guide to mastering your future / @cby ROBIN MAC NAUGHTON. |
| 260 | @aTORONTO :@bBANTAM BOOKS,@c1983. | |
| 300 | @a202 p. ;@c18cm. | |
| 700 | @aby NAUGHTON,ROBIN MAC | |
| how to transform your life through astrology : : an essential guide to mastering your future / / by ROBIN MAC NAUGHTON.-TORONTO : : BANTAM BOOKS, , 1983. |
| 202 p. ; ; 18cm. |
| ISBN 0-553-23203-7. |
| ● |
| 相关链接 |
|
|
|
|
正题名:how to transform your life through astrology
索取号:B99/x79
 
预约/预借
| 序号 | 登录号 | 条形码 | 馆藏地/架位号 | 状态 | 备注 |
| 1 | 13887 | 300138875 | 第二样本阅览室/ [索取号:B99/x79] | 在馆 |